Beabadoobee - One Time - Statistics

General Stats
  • This quiz has been taken 78 times
  • The average score is 155 of 189
Answer Stats
Answer % Correct
did
98%
I
96%
on
96%
a
94%
It
94%
it
94%
time
94%
But
92%
one
92%
to
92%
you
92%
You
92%
Didn't
90%
didn"t
90%
make
90%
the
90%
this
90%
It's
88%
it's
88%
never
88%
shame,
88%
shame
88%
such
84%
tried
84%
cross
82%
Just
82%
just
82%
mind
82%
we
82%
my
80%
So
80%
were
80%
And
78%
believe
78%
faking
78%
fixing
78%
Keep
78%
mistake
78%
of
78%
people
78%
point
78%
problems?
78%
that
78%
two
78%
What's
78%
broken
76%
broken,
76%
fight
76%
takes
76%
love
75%
don't
71%
gave
71%
high
71%
put
71%
solve
71%
up
71%
shameless
69%
them
69%
got
67%
bore
61%
cheap
57%
feeling
53%
things
53%
Always
51%
all
49%
avoiding
49%
escapes
49%
fighting
49%
Could
47%
say
47%
Wanderin'
47%
sure
45%
wasn't
45%
admit
41%
throught
8%
No matching quizzes found
Score Distribution
Percent of People with Each Score
Percentile by Number Answered
Your Score History
You have not taken this quiz